| 000 | 00912nam a2200301 a 4500 | ||
|---|---|---|---|
| 001 | 77281 | ||
| 003 | BD-RjUL | ||
| 005 | 20211209082944.0 | ||
| 008 | 200309s19071949xx 000 0 eng | ||
| 035 | _a08-28959 | ||
| 035 | _a(BD-RjUL)77506 | ||
| 040 |
_aDLC _cTOL _dm.c _dOCL _dEQO _beng |
||
| 041 | _aeng | ||
| 082 |
_a821.7 _bCOB 1949 |
||
| 100 | 1 |
_aColeridge, Samuel Taylor, _d1772-1834. _9240634 |
|
| 245 | 1 | 0 |
_aBiographia literaria / _cby S.T. Coleridge ; edited with his Aesthetical essays, by J. Shawcross |
| 260 |
_aLondon : _bClarendon Press, _c1907. |
||
| 300 |
_aV. ; _c20 cm |
||
| 505 | _aVol. 1.--V. 2.-- | ||
| 600 | 1 | 0 |
_aWordsworth, William, _d1770-1850. _tLyrical ballads. _9240640 |
| 650 | 0 |
_aPoetry. _9240636 |
|
| 650 | 0 |
_aCriticism. _9240637 |
|
| 650 | 0 |
_aAesthetics _9240638 |
|
| 700 | 1 |
_aShawcross, John T. _9240641 |
|
| 942 |
_2ddc _cBK |
||
| 999 |
_c77281 _d77281 |
||